00689 2200253 4500001002100000005001500021035002000036245006900056100001700125250000600142300003400148700001800182260003700200082001000237084001600247020002200263650002400285008004100309990001700350990001700367990001700384990001700401990001700418INLIS00000000000013220190427050240 a0010-08180000961 aMembuat Mainan dari Lilin /cNurul Ikhsan; Editor, Yogie Nugraha0 aNurul Ikhsan a- avi,58 hlm. :bilus. ;c21 cm.0 aYogie Nugraha aBandung :bCV Citra Praya,c2009 a745.5 a745.5 NUR m a978-979-035-001-4 aKeterampilan Tangan190427 0  a00563/P/2018 a00564/P/2018 a00565/P/2018 a03937/P/2018 a04248/H/2018